Devine le groupe(K-Pop - Statistiques

Statistiques générales
  • Ce quiz a été pris 503 fois
  • Le résultat moyen est 7 sur 11
Statistiques - réponses
Hint Réponse % Correct
Lisa Black Pink
100%
Jung kook BTS
99%
Bang chan Stray kids
93%
Mina Twice
76%
Hanni New jeans
71%
Minnie G-Idle
65%
Kai Exo
61%
Joy Red Velvet
56%
Mingi Ateez
53%
Solar Mamamoo
52%
Jake Enyphen
16%
Aucun quiz correspondant
Distribution des résultats
% des personnes avec chaque résultat
Percentile par nombre de réponses
Votre historique - résultats
Vous n’avez pas pris ce quiz